000 00359nam a2200145Ia 4500
008 230711s9999||||xx |||||||||||||| ||und||
041 _aENG
082 _a621
_bGR-P
100 _aGRE CAT
245 0 _aGRE CAT sucess 2003 peterson
250 _a1st Ed.
260 _c2003
_aNew Delhi
_bThomson Brook
650 _aLibrary and Information Science
942 _cBK
999 _c4118
_d4118